000 00547nam a2200181Ia 4500
003 GCL
008 140319s9999 xx 000 0 ara d
040 _aGCL /
_cGCL
082 0 4 _a355.027
_bم ح
100 1 _aمحمد عبدالفتاح ابراهيم
245 1 0 _aالحرب بين الماضى والحاضر /
_cمحمد عبدالفتاح ابراهيم
300 _a195
490 _aالالف كتاب
_v0
650 0 4 _aالحرب والسلام
650 0 4 _aالحرب
650 0 4 _aالحروب الاهلية
942 _2ddc
_cBK
999 _c43292
_d43292